| 000 | 00388cam a2200169ua 4500 | ||
|---|---|---|---|
| 020 | _c1.50 | ||
| 041 |
_ahin _h |
||
| 082 |
_a891.54 _bMYD/CH |
||
| 100 | _aMydhilisharan, Gupta . | ||
| 245 |
_aChandrahas / _cMydhilisharan Gupta. _hTextual Documents |
||
| 260 |
_a : _bSahitya Sadan. |
||
| 300 | _a168 ; . | ||
| 365 | _a1.50 | ||
| 504 | _a | ||
| 942 | _cBK | ||
| 999 |
_c7998 _d7998 |
||